000 00215 a2200097 4500
001 44009
100 _aNiazi K
245 _aTowards understanding Islam
260 _aLahore
_bSh M Ashraf
_c
090 _c27750
_d27750
942 _aNUST-CAE
_cM
_c19725
999 _c279082
_d279082